| 000 | 01112nam0a22002891 4500 | ||
|---|---|---|---|
| 001 | rc\3492666 | ||
| 005 | 20130115141251.7 | ||
| 021 |
_aRU _b[73-76219] |
||
| 035 | _a(NLR Aleph) 007649624 | ||
| 090 |
_a6214309 _c6214309 |
||
| 100 | _a20130115d1973 |||y0rusy50 ca | ||
| 101 | 0 | _arus | |
| 102 | _aRU | ||
| 105 | _aa i ||||| | ||
| 200 | 1 | _aК методике составления минеральных балансов по оловорудным и редкометальным месторождениям | |
| 210 |
_aФрунзе _cИлим _d1973 |
||
| 215 |
_a151 с., 16 л. табл. _cсхем. _d20 |
||
| 320 | _aСписок лит.: с. 150 (12 назв.) | ||
| 606 |
_aРуды редких металлов _xМинералогический состав _2psbo |
||
| 606 |
_aОловянные руды _xМинералогический состав _2psbo |
||
| 700 | 1 |
_aБайбулатов _bЭ. Б. _f1930- _gЭрик Бегалиевич |
|
| 701 | 1 |
_aКим _bВ. Ф. |
|
| 801 | 0 |
_aRU _bNLR _gpsbo |
|
| 801 | 1 |
_aRU _bELAR _2rusmarc |
|
| 852 |
_aNLR _j73-3/7173 |
||
| 942 | _cBOOK | ||
| 980 | _aNB | ||